<?xml version="1.0" encoding="UTF-8"?>
<record
    xmlns:xsi="http://www.w3.org/2001/XMLSchema-instance"
    xsi:schemaLocation="http://www.loc.gov/MARC21/slim http://www.loc.gov/standards/marcxml/schema/MARC21slim.xsd"
    xmlns="http://www.loc.gov/MARC21/slim">

  <leader>00994nam a2200253Ia 4500</leader>
  <controlfield tag="003">IN-BaIIA</controlfield>
  <controlfield tag="008">211028s9999    xx            000 0 eng d</controlfield>
  <datafield tag="020" ind1=" " ind2=" ">
    <subfield code="a">0-521-80998-3</subfield>
  </datafield>
  <datafield tag="040" ind1=" " ind2=" ">
    <subfield code="c">IIA Library</subfield>
  </datafield>
  <datafield tag="080" ind1=" " ind2=" ">
    <subfield code="a">524(082.2)</subfield>
    <subfield code="b">TRU</subfield>
  </datafield>
  <datafield tag="111" ind1=" " ind2=" ">
    <subfield code="a">Canary Islands Winter School Astrophysics</subfield>
    <subfield code="c">Tenerife, Spain</subfield>
    <subfield code="d">2000 Nov. 13-24</subfield>
    <subfield code="9">26036</subfield>
  </datafield>
  <datafield tag="245" ind1=" " ind2="0">
    <subfield code="a">Astrophysical spectropolarimetry</subfield>
    <subfield code="b">proceedings of XII Canary Islands winter school astrophysics, Tenerife, Spain, Novomber 13-24, 2000</subfield>
    <subfield code="c">edited by J. Trujillo, F. Moreno-Insertis and F. S. Martinez</subfield>
  </datafield>
  <datafield tag="260" ind1=" " ind2=" ">
    <subfield code="a">Cambridge</subfield>
    <subfield code="b">Cambridge University Press</subfield>
    <subfield code="c">2002</subfield>
  </datafield>
  <datafield tag="300" ind1=" " ind2=" ">
    <subfield code="a">xiv, 354p.</subfield>
  </datafield>
  <datafield tag="650" ind1=" " ind2=" ">
    <subfield code="a">Accretion Disks</subfield>
    <subfield code="9">8621</subfield>
  </datafield>
  <datafield tag="650" ind1=" " ind2=" ">
    <subfield code="a">Active GAlactic Nuclei</subfield>
    <subfield code="9">6209</subfield>
  </datafield>
  <datafield tag="650" ind1=" " ind2=" ">
    <subfield code="a">Physics Polarization</subfield>
    <subfield code="9">26037</subfield>
  </datafield>
  <datafield tag="650" ind1=" " ind2=" ">
    <subfield code="a">Solar and STellar MAgnetic fields</subfield>
    <subfield code="9">26038</subfield>
  </datafield>
  <datafield tag="650" ind1=" " ind2=" ">
    <subfield code="a">Spectropolarimetry</subfield>
    <subfield code="9">26039</subfield>
  </datafield>
  <datafield tag="700" ind1=" " ind2=" ">
    <subfield code="a">Martinez, F.S., ed.</subfield>
    <subfield code="9">26040</subfield>
  </datafield>
  <datafield tag="700" ind1=" " ind2=" ">
    <subfield code="a">Moreno-Insertis, F., ed.</subfield>
    <subfield code="9">26041</subfield>
  </datafield>
  <datafield tag="700" ind1=" " ind2=" ">
    <subfield code="a">Trujillo, J., ed.</subfield>
    <subfield code="9">26042</subfield>
  </datafield>
  <datafield tag="942" ind1=" " ind2=" ">
    <subfield code="c">BK</subfield>
  </datafield>
  <datafield tag="999" ind1=" " ind2=" ">
    <subfield code="c">14621</subfield>
    <subfield code="d">14621</subfield>
  </datafield>
  <datafield tag="952" ind1=" " ind2=" ">
    <subfield code="0">0</subfield>
    <subfield code="1">0</subfield>
    <subfield code="4">0</subfield>
    <subfield code="7">0</subfield>
    <subfield code="a">BAN</subfield>
    <subfield code="b">BAN</subfield>
    <subfield code="c">GEN</subfield>
    <subfield code="d">2002-05-07</subfield>
    <subfield code="e">FBB   </subfield>
    <subfield code="g">4517.50</subfield>
    <subfield code="l">1</subfield>
    <subfield code="o">524(082.2)/ TRU</subfield>
    <subfield code="p">15543</subfield>
    <subfield code="r">2021-12-20</subfield>
    <subfield code="s">2021-12-08</subfield>
    <subfield code="v">4517.50</subfield>
    <subfield code="w">2002-05-07</subfield>
    <subfield code="y">BK</subfield>
    <subfield code="G">Rs. 4517.50  </subfield>
  </datafield>
</record>
